Foreign bank entry: experience, implications for developing c ountries, and agenda for further research (Record no. 287269)

000 -LEADER
fixed length control field 00412cam a22001097a 4500
008 - FIXED-LENGTH DATA ELEMENTS--GENERAL INFORMATION
fixed length control field 180718b2001 xxu||||| |||| 00| 0 eng d
100 ## - MAIN ENTRY--PERSONAL NAME
Personal name Clarke, George
245 ## - TITLE STATEMENT
Title Foreign bank entry: experience, implications for developing c ountries, and agenda for further research
Statement of responsibility, etc. by George Clarke...[et.al.]
260 ## - PUBLICATION, DISTRIBUTION, ETC.
Place of publication, distribution, etc. Washington, D.C.
Name of publisher, distributor, etc. World Bank
Date of publication, distribution, etc. 2001
300 ## - PHYSICAL DESCRIPTION
Extent 41p.
440 ## - SERIES STATEMENT/ADDED ENTRY--TITLE
Title Policy research working paper 2698
Holdings
Withdrawn status Lost status Damaged status Not for loan Permanent Location Current Location Date acquired Barcode Date last seen Price effective from Koha item type
        Indian Institute of Public Administration Indian Institute of Public Administration 2002-03-20 WB9150 2018-07-20 2018-07-20 WB

Powered by Koha